Islam Dan Tenaga-tenaga Yang Terbiar(Dipersia-siakan)

Bibliographic Details
Main Author: Fadhilah Syeikh Muhammad El-Ghazali
Format: Book
Published: Terengganu : Yayasan Islam Terengganu , 1986
Subjects:

MARC

LEADER 00000cam a2200000 7i4500
001 0000106925
005 20140708.0
008 140708 bm
090 0 0 |a KT BOR 
100 1 |a Fadhilah Syeikh Muhammad El-Ghazali 
245 1 0 |a Islam Dan Tenaga-tenaga Yang Terbiar(Dipersia-siakan)   |c Fadhilah Syeikh Muhammad El-Ghazali 
260 |a Terengganu :   |b Yayasan Islam Terengganu ,   |c 1986 
300 |a v,228p. ;   |c 22cm. 
650 0 0 |a Koleksi Tokoh Datuk Wira Hj Borhan bin Md. Yaman 
999 |a 0000262680   |b Buku   |c Koleksi Melaka   |e Perbadanan Perpustakaan Awam Melaka